1220 1558 1755 1399 1736 1331 1254 1705 1999 1970 1474 1762 1248 1845 1561 1639 1905 1761 1162 1737 1407 1381 1587 1460 1590 1050 1588 1804 1746 1240 1833 1087 1076 1395 1008 1137 1201 1077 1605 1374 1969 1259 1238 1392 1711 1290 1512 1280 1226 1828 1809 1650 1482 1799 1266 1281 1599 1791 1604 1821 1816 1858 1488 1916 1815 1948 1707 1633 1326 1276 1605 1827 1098 1039 1800 1017 1970 1943 1013 1171 1601 1451 1717 1498 1515 1635 1332 1322 1079 1133 1222 1494 1026 1650 1295 1869 1939 1204 1403 BCNSPRNW ULIB Ver.6.0+V

เปลี่ยนเป็นภาษาไทย

Change to English
 แสดงรายละเอียดบรรณานุกรม
  กลับหน้าหลัก

Brief Record : Get Marc (ISO 2709) : E-mail record : QR code < ปิดหน้าต่าง
LEADER : 00000nam 2200000uu 4500
001    13399113830
003     ULIB
008    120110s2542||||th 000 0 tha d
020    ^a9743311351
060 04 ^aQV60^bร767ก 2542
100 0  ^aเรวดี ธรรมอุปกรณ์
245 10 ^aการใช้ยาบำบัดอาการ /^cเรวดี ธรรมอุปกรณ์
250    ^aพิมพ์ครั้งที่ 6
260    ^aกรุงเทพฯ :^bสำนักพิมพ์จุฬาลงกรณ์มหาวิทยาลัย,^c2542
300    ^a216 หน้า ;^c21 ซม.
650  4 ^aการใช้ยา
650  4 ^aการรักษาด้วยยา
650  4 ^aยา^xการใช้และขนาด
945    ^p105^l0^i9052
945    ^p105^l0^i9055
945    ^p105^l0^i9054
995    ^aกัณชพร
999 ^a ใช้งานได้ทุกระบบ
รายการนี้ยังไม่มีแท็ก
คุณยังไม่ได้ล็อกอิน คุณสามารถมีกิจกรรมร่วมกับเว็บไซต์ได้ แต่ต้องล็อกอินก่อน ::
  ล็อกอิน

รายการสื่อสารสนเทศ

ลำดับที่ ประเภท เลขเรียก/บาร์โค้ด สถานที่ สถานะ
- ไม่พบข้อมูล -

รายการใกล้เคียง
    ผู้แต่ง [เรวดี ธรรมอุปกรณ์]

    หัวเรื่อง [การใช้ยา]
    หัวเรื่อง [การรักษาด้วยยา]

BibComment


ยังไม่เคยถูกคอมเมนท์

คอมเมนท์ทรัพยากรรายการนี้
  คอมเมนท์: การใช้ยาบำบัดอาก..


 Copyright 2026. Bcnsprnw @Library